000 01013cab a2200277 4500
001 ABS59911
008 090401t1999 xxu||||| |||| 00| 0 eng d
035 _a(Sirsi) u90766
041 _aeng
100 _aAllen, J.D.
245 _aStansted showcase for Egan`s reforms
260 _c1999
350 _a0
490 _aConstruction News
_v(6597) 7 January 1999, 18(1)
520 _aBAA used the BRE`s Centre for Performance Improvement in Construction to monitor performance on the Stansted Satellite 2 air terminal, which was completed recently. The BRE used its Calibre monitoring system to identify non-productive time, wasted due to shortcomings in design and specification or management failings.
650 _aBRE
650 _aCONSTRUCTION PROJECTS
650 _aCOST REDUCTION
650 _aEFFICIENCY
650 _aEGAN REFORMS
650 _aPERFORMANCE MONITORING
650 _aSTANSTED AIRPORT
690 _aBUILDING AND CONSTRUCTION-PROJECTS
942 _n0
948 _c19/01/1999
999 _c57560
_d57560